000
00225 a2200097 4500
001
38390
100
_a
Hart R
245
_a
Effective networking for professional
260
_a
G Br
_b
Kogan Page
_c
1996
090
_c
24376
_d
24376
942
_a
NUST-CAE
_c
M
_c
15976
999
_c
273463
_d
273463